000 00269nam a2200121Ia 4500
008 191201s2013 xx 000 0 und d
100 _aKHAN,MY
245 0 _aFinancial Services
260 _aN. delhi
_bTMH
_c2013
300 _aMISC
650 _aBBA
942 _2ddc
_cBK
_06
999 _c5720
_d5720